000 00812nam a2200289Ia 4500
001 Z_3863
003 CHAP
008 220113s1989 xx 000 0 und d
010 _a166925
040 _cCHAP
082 _a636.5142 C3
100 _aCastelló Llobet, José A
_9141084
245 _aProducción de huevos /
_cpor José A Castelló Llobet, Fernando Franco González y Miguel Pontes Pontes
260 _aBarcelona :
_bReal Escuela de Avicultura,
_c1989
300 _a367 p. ; ilus.
440 _a
500 _a
503 _aC/E
650 _aHuevos
_xProducción
_956759
650 _aProductos avícolas I. Franco González, Fernando II. Pontes Pontes, Miguel III. t.
_9141085
901 _a636.5142 C3
902 _aA
910 _a1989
942 _c1
942 _cc1
999 _c166925
_d166925